| 000 | 00895nam a22002177a 4500 | ||
|---|---|---|---|
| 001 | EIF-VIII-2013-M10-004 | ||
| 003 | OSt | ||
| 005 | 20221223083223.0 | ||
| 008 | 221223b |||||||| |||| 00| 0 eng d | ||
| 040 |
_aFundación Jesús Pereda _cFundación Jesús Pereda |
||
| 041 | _aCastellano | ||
| 100 |
_uUniversidad de Zaragoza _aCanales Ciudad, Daniel _9805 |
||
| 111 |
_aEncuentro de Investigadores del Franquismo _c(Barcelona. _d2013. _n8º) _9100 |
||
| 245 |
_aGuerra e identidad: _buna aproximación a la recepción de los discursos franquistas a través del trauma _c/Daniel Canales Ciudad |
||
| 650 | 0 |
_9806 _aPsicología |
|
| 650 | 0 |
_9145 _aRepresión |
|
| 650 | 0 |
_9807 _aCausa General |
|
| 773 | _tActas del VIII Encuentro de Investigadores del Franquismo | ||
| 856 | _uhttps://bibliotecaccoocyl.fundacionjesuspereda.es/cgi-bin/koha/opac-retrieve-file.pl?id=32ca9235e36c7436df06e00ef811b63d | ||
| 942 |
_2ddc _cCF _n0 |
||
| 999 |
_c486 _d486 |
||